| 000 | 00822cam a2200265Mi 4500 | ||
|---|---|---|---|
| 001 | ocn491323311 | ||
| 005 | 20171120151152.0 | ||
| 008 | 171117s2000 enk f b 001 0 eng d | ||
| 015 |
_aGBA0X6653 _2bnb |
||
| 020 | _z1901362434 | ||
| 020 | _a9781901362435 | ||
| 020 | _z1901362442 | ||
| 020 | _a9781901362442 | ||
| 035 | _a(OCoLC)491323311 | ||
| 040 |
_aCo-BoUCM _bspa _cSaul Niño _dSaul Niño |
||
| 041 | 0 | _aeng | |
| 100 | 1 |
_aWorthington, Sarah _989108 |
|
| 245 | 1 | 0 |
_aPersonal property law _btexts, cases and materials _cSarah Worthington |
| 260 |
_aOxford _aPortland, Ore _bHart _c2000 |
||
| 300 | _axl, 716 páginas | ||
| 650 | 7 |
_aBienes muebles _zGran Bretaña _910071 |
|
| 650 | 7 |
_aDerecho privado _9437 |
|
| 942 |
_2DEWEY _a8 _cLIBRO _e1 _h346.42047 _mW933p |
||
| 999 |
_c308065 _d308065 |
||